| 000 | 00371nam a22001577a 4500 | ||
|---|---|---|---|
| 003 | OSt | ||
| 005 | 20211227154022.0 | ||
| 008 | 211227b |||||||| |||| 00| 0 eng d | ||
| 020 | _a8126121882 | ||
| 040 | _cHU | ||
| 100 |
_aV. K NANADA _925543 |
||
| 245 | _aEDUCATIONAL TECHNOLOGYFOR ADULTS | ||
| 260 |
_aNEW DELHI _bHALL _c2007 |
||
| 300 | _a284 | ||
| 942 |
_2ddc _cBOOKS _n0 |
||
| 999 |
_c24442 _d24442 |
||